| 000 | 00689cab a2200217 4500 | ||
|---|---|---|---|
| 001 | WB3118-32 | ||
| 008 | 090401t1995 xxu||||| |||| 00| 0 eng d | ||
| 035 | _a(Sirsi) u65809 | ||
| 041 | _aeng | ||
| 245 | _aStrong demand for farmland frustrated by supply shortage | ||
| 260 | _c1995 | ||
| 350 | _a0 | ||
| 490 |
_aRICS Press Release _v(PR51/95RUR) 28 April 1995, (3) |
||
| 520 | _aRICS Farmland Price Index and Survey England and Wales. First Quarter 1995. | ||
| 650 | _aPROPERTY-RURAL AND NATURAL ASSETS-AGRICULTURAL PROPERTY-AGRICULTURAL LAND | ||
| 650 | _aLAND PRICES | ||
| 650 | _aRICS FARMLAND PRICE INDEX | ||
| 690 | _aRURAL PRACTICE | ||
| 942 | _n0 | ||
| 948 | _c04/03/1997 | ||
| 999 |
_c41087 _d41087 |
||